The anthropology of sport : an introduction

Αποθηκεύτηκε σε:
Λεπτομέρειες βιβλιογραφικής εγγραφής
Κύριος συγγραφέας: Blanchard, Kendall 1942-
Άλλοι συγγραφείς: Cheska, Alyce Taylor
Μορφή: Βιβλίο
Γλώσσα:English
Δημοσίευση: Massachusetts : Bergin and Garvey, 1985
Θέματα:
Ετικέτες: Προσθήκη ετικέτας
Δεν υπάρχουν, Καταχωρήστε ετικέτα πρώτοι!

MARC

LEADER 00000nam a2200000 i 4500
001 1/5393
008 960530s1985 eng d
020 |a 0-89789-040-X 
035 |l 10015988 
040 |a GR-MY-UA  |b gre  |e aacr 
041 0 |a eng 
100 1 |a Blanchard, Kendall  |d 1942- 
245 1 4 |a The anthropology of sport :  |b an introduction /  |c Kendall Blanchard and Alyce Taylor Cheska ; Introduction by Edward Norbeck 
260 |a Massachusetts :   |b Bergin and Garvey,   |c 1985 
300 |a 306 p.  |b ill. 
504 |a Includes index and bibliographical references 
650 0 0 |a Games. 
650 0 0 |a Sports  |x History. 
700 1 |a Cheska, Alyce Taylor. 
852 |a INST  |b LESVOS  |e 19960530  |h 306.483 BLA  |p 005100004773  |q 005100004773  |t BK  |y 0 
909 |a Λ  |b 019458